| 000 | 01068cam a22003014a 4500 | ||
|---|---|---|---|
| 005 | 20260322212035.0 | ||
| 008 | data | ||
| 010 | _a 2005014380 | ||
| 020 | _a1572244224 (pbk.) | ||
| 020 | _a9781572244221 (pbk.) | ||
| 040 |
_aDLC _cDLC _dDLC |
||
| 042 | _apcc | ||
| 050 | 0 | 0 |
_aRC533 _b.H95 2005 |
| 082 | 0 | 0 |
_a616.85/22706 _222 |
| 092 | _a616.85 H95 2005 | ||
| 100 | 1 | _aHyman, Bruce M. | |
| 245 | 1 | 4 |
_aThe OCD workbook : _byour guide to breaking free from obsessive-compulsive disorder / _cBruce M. Hyman & Cherry Pedrick. |
| 246 | 3 | 0 | _aObsessive-compulsive disorder workbook |
| 250 | _a2nd ed. | ||
| 260 |
_aOakland, CA : _bNew Harbinger Publications, _cc2005. |
||
| 300 |
_avii, 237 p. : _bill. ; _c28 cm. |
||
| 504 | _aIncludes bibliographical references (p. [235]-237). | ||
| 650 | 0 |
_aObsessive-compulsive disorder _xTreatment _vPopular works. |
|
| 650 | 0 |
_aObsessive-compulsive disorder _xTreatment _vHandbooks, manuals, etc. |
|
| 700 | 1 | _aPedrick, Cherry. | |
| 856 | 4 | 1 |
_3Table of contents _uhttp://www.loc.gov/catdir/toc/ecip0513/2005014380.html |
| 001 | data | ||
| 999 |
_c809 _d809 |
||